Loading...
| Science - Other | 0 | 6 | 1 | 2 | 55 | 17 | 50.00 | 2 | 4 | 0.00 | 0.00 |
| Science - Chemistry | 0 | 5 | 1 | 4 | 45 | 82 | 100.00 | 0 | 0 | 0.00 | 0.00 |
| Philosophy | 0 | 4 | 1 | 1 | 35 | 46 | 71.50 | 1 | 1 | 0.00 | 0.00 |
| Fine Arts - Classical Music | 0 | 4 | 1 | 2 | 35 | 88 | 105.75 | 0 | 0 | 0.00 | 0.00 |
| Science - Physics | 0 | 4 | 2 | 3 | 30 | 79 | 90.25 | 0 | 0 | 0.00 | 0.00 |
| Literature - World | 0 | 2 | 0 | 0 | 20 | 63 | 86.00 | 0 | 1 | 0.00 | 0.00 |
| Fine Arts - Painting and Sculpture | 0 | 2 | 0 | 0 | 20 | 85 | 101.50 | 0 | 0 | 0.00 | 0.00 |
| History - European | 0 | 2 | 0 | 1 | 20 | 98 | 100.00 | 0 | 0 | 0.00 | 0.00 |
| Current Events | 0 | 2 | 0 | 1 | 20 | 106 | 107.50 | 0 | 0 | 0.00 | 0.00 |
| Religion | 0 | 3 | 2 | 0 | 20 | 65 | 101.00 | 0 | 0 | 0.00 | 0.00 |
| Science - Biology | 0 | 3 | 3 | 1 | 15 | 70 | 79.33 | 0 | 0 | 0.00 | 0.00 |
| Popular Culture | 0 | 1 | 0 | 1 | 10 | 69 | 69.00 | 0 | 0 | 0.00 | 0.00 |
| Fine Arts - Other | 0 | 1 | 0 | 0 | 10 | 28 | 28.00 | 0 | 1 | 0.00 | 0.00 |
| History - American | 0 | 1 | 0 | 0 | 10 | 66 | 66.00 | 0 | 0 | 0.00 | 0.00 |
| Literature - European | 0 | 1 | 0 | 0 | 10 | 102 | 102.00 | 0 | 0 | 0.00 | 0.00 |
| Mythology | 0 | 1 | 0 | 0 | 10 | 115 | 115.00 | 0 | 0 | 0.00 | 0.00 |
| History - Other | 0 | 1 | 1 | 0 | 5 | 107 | 107.00 | 0 | 0 | 0.00 | 0.00 |
| Literature - British | 0 | 0 | 0 | 0 | 0 | 0.00 | 0 | 0 | 0.00 | 0.00 |